000 00404nam a2200169Ia 4500
008 230524s9999 xx 000 0 und d
020 _a8174110550
082 _a510
_bSAM
100 _aGhansyam Samal
_910639
245 0 _aIntermediate Algebra
250 _a2ND
260 _aNEW DELHI
_bBidyapuri
_c1997
300 _aIV;240
500 _aQuantity Number: 1
650 _aMathematics
942 _cBK
999 _c14572
_d14572